000 00371nam a2200121 4500
999 _c520219
_d520219
082 _aA45:Y26 EMC/2020-21
100 _aKerala.Energy Management Centre
_99311
245 _aAnnual report, 2020-21
260 _aThiruvanathapuram
_bThe author
300 _a53p
650 _aEnergy conservation -- Kerala -- India
_99733
650 _aEnergy resources -- Kerala -- India
_99734